Vivencias en familia / (Registro nro. 7904)

Detalles MARC
000 -LIDER
fixed length control field 00969nam a2200277 a 4500
001 - NÚMERO DE CONTROL
Identificador de número de control 000044151
003 - IDENTIFICACDOR DE NÚMERO DE CONTROL
control field DO-SdBNP
005 - DATE AND TIME OF LATEST TRANSACTION
control field 20180322152958.0
007 - CAMPOS FIJOS DE DESCRIPCIÓN FÍSICA
fixed length control field 000044151
008 - ELEMENTOS DE LONGITUD FIJA
fixed length control field 140602s2009 dr a 000 0 spa d
020 ## - ISBN
International Standard Book Number 9789945869934 (v.1)
020 ## - ISBN
International Standard Book Number 9789945869930 (v.2)
020 ## - ISBN
International Standard Book Number 9789945869910 (v.3)
020 ## - ISBN
International Standard Book Number 9789945869934 (v.4)
020 ## - ISBN
International Standard Book Number 9789945869989 (v.5)
020 ## - ISBN
International Standard Book Number 9789945869965 (v.6)
040 ## - FUENTE DE CATALOGACIÓN
Agencia que crea de manera original el registro BPMSU
Idioma de catalogación spa
Agencia que realiza la transcripción BPMSU
100 1# - ASIENTO PRINCIPAL -- NOMBRE PERSONAL
Nombre personal Ortega, Sandra
245 10 - MENCIÓN DE TITULO
Título Vivencias en familia /
Mención de responsabilidad Sandra Ortega.
260 ## - PUBLICACIÓN, DISTRIBUCIÓN, ETC. (PIE DE IMPRENTA)
Lugar de publicación, distribución, etc Santo Domingo :
Nombre del editor, distribuidor, etc. Búho,
Fecha de publicación, distribución, etc 2009.
300 ## - DESCRIPCIÓN FÍSICA
Extensión v. :
Otros detalles físicos il. ;
Dimensiones 23 cm.
505 0# - NOTA DE CONTENIDO
Texto normalizado de contenido v. 1 :
Título El nacimiento de Daniel --
Información miscelánea v. 2 :
Título El mundo de Daniel --
Información miscelánea v. 3 :
Título El hogar de los abuelos --
Información miscelánea v. 4 :
Título llegó Emmanuel --
Información miscelánea v. 5 :
Título Especial para los pequeños --
Información miscelánea v. 6
Título Los vigilantes del planeta --
942 ## - ADDED ENTRY ELEMENTS (KOHA)
Source of classification or shelving scheme Dewey Decimal Classification
Koha item type Libros
945 ## - INFORMACIÓN DE PROCESAMIENTO LOCAL
Información de procesamiento local Inventariado infantil dom / 2017 VM
956 ## - LOCAL ELECTRONIC LOCATION AND ACCESS (OCLC)
Nombre de host VMATEO
Número de acceso 10
Información de compresión 20150610
Inicio de sesión BPMSU
Procesador de solicitud 00151
Existencias
Withdrawn status Lost status Source of classification or shelving scheme Damaged status Not for loan Collection code Home library Current library Date acquired Total Checkouts Barcode Date last seen Copy number Price effective from Koha item type
    Dewey Decimal Classification     Colección Infantil Dominicana Biblioteca Pública Metropolitana Salomé Ureña Biblioteca Pública Metropolitana Salomé Ureña 06/10/2015   BPMsu15080177 06/10/2015 v. 4 06/10/2015 Libros